000 00600nam a22002177a 4500
003 KOHA_MİRAKIL
005 20260330105742.0
008 260325b tu ||||| |||| 00| 0 tur d
020 _a975755619
040 _aTR-AnABB
_btur
_cTR-AnABB
041 _atur
082 _a813.42
_bOZE 1996
100 1 _aÖzer, Ahmet
245 1 0 _aSordum Söylediler /
_cAhmet Özer
260 _aİstanbul :
_bAnadolu Sanat yayınevi,
_c1996
300 _a240 Sayfa :
_c20 cm
500 _ayazar imzalı
650 0 4 _aTürk edebiyatı, roman
900 _bCan ÇELIK
942 _2ddc
_cBK
999 _c10042
_d10042